MARC

LEADER 00000nam0a2200000 4500
001 682019
005 20250930144831.0
090 |a 682019 
100 |a 20250930d1977 km|y0rusy50 ca 
101 0 |a rus 
102 |a BY 
105 |a a z 001yy 
181 0 |a i   |b  e  
182 0 |a n 
183 0 |a nc  |2 RDAcarrier 
200 1 |a Динамическая нагруженность трансмиссий колесных машин  |f Н. Л. Островерхов, И. К. Русецкий, Л. И. Бойко  |g Институт проблем надежности и долговечности машин АН Белорусской ССР 
203 |a Текст  |b визуальный  |c непосредственный 
210 |a Минск  |c Наука и техника  |d 1977 
215 |a 192 с.  |c ил. 
283 |a volume  |2 RDAcarrier 
320 |a Литература: с. 187-189 
606 |a Колесные машины  |x Трансмиссии  |9 41066 
610 1 |a машинные агрегаты 
610 1 |a динамическая система 
610 1 |a уравнения движения 
610 1 |a собственные колебания 
610 1 |a динамические нагрузки 
610 1 |a карданная передача 
610 1 |a кинематика 
610 1 |a крутильные колебания 
610 1 |a динамика 
675 |a 629.11  |v 4 
700 1 |a  Островерхов  |b Н. Л.  |g Николай Львович 
701 1 |a Русецкий  |b И. К.  |g Игорь Константинович 
701 1 |a Бойко  |b Л. И.  |g Леонид Иосифович 
712 0 2 |a Академия наук Белорусской ССР  |b Институт проблем надежности и долговечности машин  |4 570  |9 25722 
801 0 |a RU  |b 63413507  |c 20250930 
830 |a Ретро2025Каталогизация Шило 
850 |a 63413507 
942 |c BK